000
00252nam a2200109Ia 4500
008
220204s9999 xx 000 0 und d
082
_a
954
_b
LAL
100
_a
Lal K Advani
245
0
_a
Prisoners scrap book
260
_a
Delhi
_b
Hind
_c
1978
942
_c
BK
999
_c
31207
_d
31207